| 000 | 00690nam a2200253Ia 4500 | ||
|---|---|---|---|
| 003 | OSt | ||
| 005 | 20220924114246.0 | ||
| 006 | a|||||r|||| 00| 0 | ||
| 007 | ta | ||
| 008 | 220923b |||||||| |||| 00| 0 urd d | ||
| 020 | _c3.50 | ||
| 024 | _a318916 | ||
| 037 | _cTextual | ||
| 040 |
_aARTS _cARTS _burd |
||
| 041 |
_2urd _aurd |
||
| 082 | _aO168,3NTI,11, J0 | ||
| 100 |
_aFirozpuri Tirathram Tr. _9155097 |
||
| 245 | 0 | _aBlack shirt ki wapsi | |
| 260 |
_aAmritsar _bAzad book depot India _c1950 |
||
| 300 |
_a320p. _ccm. |
||
| 650 |
_aURDU FICTION _93298 |
||
| 942 |
_hO168,3NTI,11, J0 _cTEXL _2CC |
||
| 999 |
_c392726 _d392726 |
||